000 00581nam a2200157 4500
008 0 2001 0a 000 0Mex
020 _a970-15-0690-1
050 _aQA76.9.A73 M37 2001
082 _a001.64 M382
100 _aMartínez Durá, Rafael J.
245 _aEstructura de computadores y perifericos / Rafael Martínez Dura, José A. Boluda Grau, Juan J. Pérez Solano
260 _aMéxico : Alfaomega
300 _axxi, 374 p. / 24 cm.
650 _a1. ARQUITECTURA DE COMPUTADORAS
700 _aI. Boluda Grau, José A. coaut. II. Pérez Solano Juan J, coaut.
999 _c19198
_d19198